000 00247nam a2200097Ia 4500
001 923267
005 20250826191459.0
008 250824s9999 xx 000 0 und d
245 0 _aMUHTEŞEM SÜLEYMAN
_cYAVUZ BAHADIROĞLU
260 _bPANAMA YAYINLARI
999 _c923267
_d923267